[Event "MVP-ch Seniors op 19th"]
[Site "Ostseebad Binz"]
[Date "2019.12.05"]
[Round "9"]
[White "Maczollek, Helmut"]
[Black "Bierwald, Martin"]
[Result "1/2-1/2"]
[WhiteElo "1577"]
[BlackElo "1569"]
[PlyCount "23"]
[EventDate "2019.11.27"]
[EventType "swiss"]
[EventRounds "9"]
[EventCountry "GER"]
[SourceTitle "EXT 2021"]
[Source "ChessBase"]
[SourceDate "2020.10.23"]
[SourceVersion "1"]
[SourceVersionDate "2020.10.23"]
[SourceQuality "1"]

1. d4 Nf6 2. c4 g6 3. Nc3 Bg7 4. e4 d6 5. Nf3 0-0 6. Be3 Bg4 7. Be2 Nbd7 8. Qd2 e5 9. Bh6 exd4 10. Nxd4 Bxe2 11. Bxg7 Kxg7 12. Qxe2 1/2-1/2

[Event "MVP-ch Seniors op 19th"]
[Site "Ostseebad Binz"]
[Date "2019.12.02"]
[Round "6"]
[White "Bierwald, Martin"]
[Black "Breitenfeldt, Ulrich"]
[Result "0-1"]
[WhiteElo "1569"]
[BlackElo "1708"]
[PlyCount "66"]
[EventDate "2019.11.27"]
[EventType "swiss"]
[EventRounds "9"]
[EventCountry "GER"]
[SourceTitle "EXT 2021"]
[Source "ChessBase"]
[SourceDate "2020.10.23"]
[SourceVersion "1"]
[SourceVersionDate "2020.10.23"]
[SourceQuality "1"]

1. e4 c5 2. Nc3 Nc6 3. g3 e6 4. Bg2 Nf6 5. d3 h6 6. f4 d6 7. Nf3 Be7 8. Bd2 Rb8 9. 0-0 0-0 10. h3 Qc7 11. Re1 b5 12. Ne2 Nh7 13. Be3 Bb7 14. Qd2 Bf6 15. Rab1 Rbd8 16. Rf1 e5 17. f5 d5 18. Qe1 dxe4 19. dxe4 Nb4 20. c4 Nd3 21. Qd2 Nf4 22. Qe1 Nxg2 23. Kxg2 Bxe4 24. Rc1 Bxf5 25. Nd2 Qc6+ 26. Kh2 Bd3 27. Rf2 Ng5 28. Ng1 a6 29. a3 bxc4 30. Ngf3 Ne4 31. Nxe4 Bxe4 32. Nd2 Bd3 33. Nf3 Rfe8 0-1

[Event "MVP-ch Seniors op 19th"]
[Site "Ostseebad Binz"]
[Date "2019.12.01"]
[Round "5"]
[White "Bierwald, Martin"]
[Black "Geibel, Henning"]
[Result "1/2-1/2"]
[WhiteElo "1569"]
[BlackElo "1433"]
[PlyCount "27"]
[EventDate "2019.11.27"]
[EventType "swiss"]
[EventRounds "9"]
[EventCountry "GER"]
[SourceTitle "EXT 2021"]
[Source "ChessBase"]
[SourceDate "2020.10.23"]
[SourceVersion "1"]
[SourceVersionDate "2020.10.23"]
[SourceQuality "1"]

1. e4 e5 2. Nf3 d6 3. d4 exd4 4. Nxd4 Nf6 5. Nc3 Be7 6. g3 0-0 7. Bg2 c6 8. 0-0 Bg4 9. Bf3 Bh3 10. Bg2 Bg4 11. Bf3 Qd7 12. Bxg4 Qxg4 13. Qxg4 Nxg4 14. Kg2 1/2-1/2

[Event "SVE Seniors op 2nd"]
[Site "Eidelstedt"]
[Date "2019.07.24"]
[Round "4"]
[White "Raedisch, Peter"]
[Black "Bierwald, Martin"]
[Result "1-0"]
[WhiteElo "1660"]
[BlackElo "1560"]
[PlyCount "69"]
[EventDate "2019.07.15"]
[EventType "swiss"]
[EventRounds "7"]
[EventCountry "GER"]
[SourceTitle "EXT 2020"]
[Source "ChessBase"]
[SourceDate "2019.10.17"]
[SourceVersion "1"]
[SourceVersionDate "2019.10.17"]
[SourceQuality "1"]

1. e4 e6 2. d4 d5 3. e5 c5 4. c3 Nc6 5. Nf3 Qb6 6. Bd3 Nge7 7. 0-0 Nf5 8. Bxf5 exf5 9. Kh1 Be6 10. b3 Be7 11. Be3 cxd4 12. cxd4 0-0 13. a4 Rac8 14. Na3 a6 15. Qb1 Na5 16. Nd2 Rc3 17. Rc1 Rfc8 18. Rxc3 Rxc3 19. Qb2 Qc7 20. h3 h6 21. b4 Bxb4 22. Qxb4 Rc6 23. Rb1 b6 24. Nb3 Nc4 25. Nxc4 Rxc4 26. Qa3 Qd7 27. Nd2 Rxa4 28. Qd6 Qxd6 29. exd6 b5 30. Rc1 Kf8 31. Rc7 Ke8 32. Nb3 Rc4 33. Nc5 a5 34. Re7+ Kd8 35. Ra7 1-0

[Event "SVE Seniors op 2nd"]
[Site "Eidelstedt"]
[Date "2019.07.15"]
[Round "1"]
[White "Bierwald, Martin"]
[Black "Thielscher, Rene"]
[Result "0-1"]
[WhiteElo "1560"]
[BlackElo "1666"]
[PlyCount "102"]
[EventDate "2019.07.15"]
[EventType "swiss"]
[EventRounds "7"]
[EventCountry "GER"]
[SourceTitle "EXT 2020"]
[Source "ChessBase"]
[SourceDate "2019.10.17"]
[SourceVersion "1"]
[SourceVersionDate "2019.10.17"]
[SourceQuality "1"]

1. e4 Nf6 2. Nc3 e5 3. Nf3 Nc6 4. Bb5 d6 5. 0-0 Bg4 6. h3 Bh5 7. d3 h6 8. Be3 a6 9. Bxc6+ bxc6 10. Rb1 g5 11. g4 Bg6 12. Kh2 Be7 13. a3 Nh7 14. Ne2 h5 15. Kg2 Qd7 16. Nh2 d5 17. Ng3 hxg4 18. hxg4 Nf8 19. f3 Ne6 20. Rh1 0-0-0 21. Qe1 Bc5 22. Bxc5 Nxc5 23. Qa5 Qd6 24. b4 Ne6 25. Ne2 Kb7 26. Nf1 Rxh1 27. Kxh1 Rh8+ 28. Kg2 f6 29. Nd2 Nd4 30. Nxd4 exd4 31. Nf1 Bf7 32. Qc5 Be6 33. Qxd6 cxd6 34. Ng3 Kc7 35. Nh5 Rf8 36. Rh1 c5 37. Ng7 Bf7 38. Rb1 Kc6 39. Nf5 Rb8 40. Ne7+ Kd7 41. Nxd5 Bxd5 42. exd5 cxb4 43. Rxb4 Rxb4 44. axb4 Kc7 45. Kf2 Kb6 46. Ke2 Kb5 47. Kd2 Kxb4 48. Kc1 Kc3 49. Kb1 a5 50. Kc1 a4 51. Kb1 a3 0-1

[Event "MVP-ch Seniors op 18th"]
[Site "Ostseebad Binz"]
[Date "2018.12.04"]
[Round "7"]
[White "Bierwald, Martin"]
[Black "Moeller, Peter1111"]
[Result "0-1"]
[WhiteElo "1579"]
[BlackElo "1687"]
[PlyCount "142"]
[EventDate "2018.11.28"]
[EventType "swiss"]
[EventRounds "9"]
[EventCountry "GER"]
[SourceTitle "CBM 188 Extra"]
[Source "ChessBase"]
[SourceDate "2019.02.26"]
[SourceVersion "1"]
[SourceVersionDate "2019.02.26"]
[SourceQuality "1"]

1. e4 d5 2. exd5 Qxd5 3. Nc3 Qa5 4. d4 Nf6 5. Nf3 Bg4 6. h3 Bh5 7. Be2 Nbd7 8. Be3 e6 9. a3 c6 10. Nh2 Bg6 11. Bd3 Bd6 12. Bxg6 hxg6 13. Qd2 Qc7 14. Nf3 Nb6 15. Qe2 Ng4 16. Rf1 Nxe3 17. fxe3 Bg3+ 18. Kd2 0-0-0 19. Ng5 Rdf8 20. b3 Bh4 21. Nce4 Nd5 22. b4 Qe7 23. Nf3 Nf6 24. Nxf6 Bxf6 25. Rab1 Rd8 26. c3 e5 27. Rfe1 e4 28. Nh2 Bg5 29. Qc4 Kb8 30. Ke2 f5 31. Rh1 Rd7 32. Nf1 Rc7 33. Nd2 Re8 34. Qc5 Qd7 35. Qc4 Qd6 36. Nf1 Qf6 37. Kd2 Bh6 38. Qe2 Bg5 39. Kc2 Qe6 40. Kb2 Bf6 41. Nd2 Ka8 42. Qc4 Qd7 43. Rbd1 b5 44. Qe2 Kb7 45. Nb3 Qd5 46. Nc5+ Kc8 47. Rhe1 Be7 48. Qc2 Qc4 49. Qb3 Qxb3+ 50. Kxb3 Bxc5 51. dxc5 Rd7 52. Rxd7 Kxd7 53. Rd1+ Kc7 54. Kc2 Re6 55. Kd2 Kd7 56. Ke2+ Ke7 57. h4 Rf6 58. g3 Rf8 59. Rd6 Rf6 60. Rd1 g5 61. hxg5 Rg6 62. Kf2 Rxg5 63. Rd6 Rh5 64. Kg2 Rh6 65. Rd2 Rf6 66. Rf2 g6 67. Kh3 Rf8 68. Kg2 Rd8 69. Rc2 Rd3 70. Kf2 Ke6 71. Ke2 g5 0-1

[Event "Schleswig Holstein-ch Seniors op 11th"]
[Site "Buesum"]
[Date "2017.09.16"]
[Round "9"]
[White "Garms, Ilse"]
[Black "Bierwald, Martin"]
[Result "1/2-1/2"]
[WhiteElo "1759"]
[BlackElo "1637"]
[PlyCount "38"]
[EventDate "2017.09.08"]
[EventType "swiss"]
[EventRounds "9"]
[EventCountry "GER"]
[SourceTitle "EXT 2019"]
[Source "ChessBase"]
[SourceDate "2018.10.10"]
[SourceVersion "1"]
[SourceVersionDate "2018.10.10"]
[SourceQuality "1"]

1. d4 Nf6 2. Nd2 g6 3. e4 d6 4. h3 Bg7 5. Ngf3 Nbd7 6. c3 0-0 7. Bd3 e5 8. 0-0 Re8 9. Re1 a6 10. a4 c5 11. Nb3 Qc7 12. dxc5 dxc5 13. Bf1 b6 14. Qc2 Bb7 15. Nbd2 Bc6 16. b3 b5 17. axb5 axb5 18. Rxa8 Rxa8 19. Bd3 Ne8 1/2-1/2

[Event "Schleswig Holstein-ch Seniors op 11th"]
[Site "Buesum"]
[Date "2017.09.12"]
[Round "5"]
[White "Bierwald, Martin"]
[Black "Harke, Horst"]
[Result "0-1"]
[WhiteElo "1637"]
[BlackElo "1810"]
[PlyCount "90"]
[EventDate "2017.09.08"]
[EventType "swiss"]
[EventRounds "9"]
[EventCountry "GER"]
[SourceTitle "EXT 2019"]
[Source "ChessBase"]
[SourceDate "2018.10.10"]
[SourceVersion "1"]
[SourceVersionDate "2018.10.10"]
[SourceQuality "1"]

1. e4 e5 2. Nf3 Nf6 3. Nxe5 d6 4. Nf3 Nxe4 5. d4 Be7 6. Bd3 f5 7. 0-0 0-0 8. Re1 d5 9. Nbd2 c6 10. Ne5 c5 11. c3 cxd4 12. cxd4 Bf6 13. f4 Bxe5 14. fxe5 Nxd2 15. Bxd2 Be6 16. Bc3 a6 17. Rf1 b5 18. a3 Nc6 19. Be2 Qb6 20. Kh1 g6 21. b4 Rac8 22. Qd2 Kg7 23. Rac1 Rf7 24. Rfd1 f4 25. h3 Ne7 26. Bd3 f3 27. Rf1 Rcf8 28. Kh2 fxg2 29. Rxf7+ Rxf7 30. Kxg2 Bf5 31. Bxf5 Nxf5 32. Bb2 Rc7 33. Rxc7+ Qxc7 34. Qd3 a5 35. Kf2 axb4 36. axb4 Qd7 37. Qf3 Qc6 38. Qd3 Qd7 39. Qf3 Qd8 40. Qg4 Qf8 41. Qf3 Qxb4 42. Bc3 Qc4 43. e6 Qa2+ 44. Qe2 Qxe2+ 45. Kxe2 Kf6 0-1

[Event "Schleswig Holstein-ch Seniors op 11th"]
[Site "Buesum"]
[Date "2017.09.10"]
[Round "3"]
[White "Bierwald, Martin"]
[Black "Boss, Kurt"]
[Result "1-0"]
[WhiteElo "1637"]
[BlackElo "1222"]
[PlyCount "93"]
[EventDate "2017.09.08"]
[EventType "swiss"]
[EventRounds "9"]
[EventCountry "GER"]
[SourceTitle "EXT 2019"]
[Source "ChessBase"]
[SourceDate "2018.10.10"]
[SourceVersion "1"]
[SourceVersionDate "2018.10.10"]
[SourceQuality "1"]

1. e4 c6 2. d4 d5 3. Nc3 Nf6 4. e5 Ne4 5. Nxe4 dxe4 6. c3 e6 7. Ne2 g6 8. g3 Nd7 9. Bg2 f5 10. exf6 Nxf6 11. Bg5 Be7 12. Qc2 Qd5 13. Bxf6 Bxf6 14. Qxe4 Qxe4 15. Bxe4 g5 16. 0-0-0 0-0 17. f4 b6 18. Rhf1 Ba6 19. Bd3 b5 20. Kb1 g4 21. Rde1 Kg7 22. Nc1 Rae8 23. Nb3 Bc8 24. Be4 Bb7 25. Nc5 Ba8 26. Bd3 Kf7 27. Re3 Rh8 28. Rfe1 Re7 29. Rxe6 Rhe8 30. Rxe7+ Bxe7 31. Kc2 Bxc5 32. Rxe8 Kxe8 33. dxc5 h6 34. Bf5 Kf7 35. Bxg4 Kg6 36. Kd3 h5 37. Bd7 Kf6 38. Ke4 Ke7 39. Bc8 Kd8 40. Be6 Ke7 41. Ke5 Bb7 42. b4 Kd8 43. f5 Bc8 44. Bxc8 Kxc8 45. Ke6 Kd8 46. Kf7 Kd7 47. Kg7 1-0

[Event "Schleswig Holstein-ch Seniors op 10th"]
[Site "Buesum"]
[Date "2016.10.01"]
[Round "6"]
[White "Bierwald, Martin"]
[Black "Garms, Ilse"]
[Result "0-1"]
[WhiteElo "1626"]
[BlackElo "1763"]
[PlyCount "100"]
[EventDate "2016.09.26"]
[EventType "swiss"]
[EventRounds "9"]
[EventCountry "GER"]
[SourceTitle "EXT 2019"]
[Source "ChessBase"]
[SourceDate "2018.10.10"]
[SourceVersion "1"]
[SourceVersionDate "2018.10.10"]
[SourceQuality "1"]

1. e4 c5 2. Nc3 e6 3. g3 Nc6 4. Bg2 d6 5. d3 g6 6. Nge2 Bg7 7. 0-0 a6 8. Be3 Nge7 9. Qd2 0-0 10. Bh6 Nd4 11. Bxg7 Kxg7 12. Nxd4 cxd4 13. Ne2 Nc6 14. f4 e5 15. Rac1 Bg4 16. Bf3 Qd7 17. Bxg4 Qxg4 18. Kg2 Qe6 19. a3 f5 20. exf5 Rxf5 21. Rf2 Raf8 22. Rcf1 Ne7 23. c4 dxc3 24. Nxc3 Nc6 25. Ne2 Qd5+ 26. Kg1 Qe6 27. Qc3 Kg8 28. Qc4 Qxc4 29. dxc4 Na5 30. Rc1 Rc8 31. Kg2 Rxc4 32. Rd1 Rc6 33. Rd5 Nc4 34. Kg1 Rf7 35. fxe5 Rxf2 36. Kxf2 Nxe5 37. b3 Ng4+ 38. Kf3 Nxh2+ 39. Kg2 Ng4 40. Kf3 Nf6 41. Rd3 d5 42. Nf4 Rd6 43. Ke3 Kf7 44. Kd4 b6 45. b4 g5 46. Ne2 h6 47. a4 Kg6 48. a5 Rc6 49. axb6 Rxb6 50. Kc5 Rb5+ 0-1

[Event "Schleswig Holstein-ch Seniors op 10th"]
[Site "Buesum"]
[Date "2016.09.27"]
[Round "2"]
[White "Bierwald, Martin"]
[Black "Schumacher, Helmut"]
[Result "1/2-1/2"]
[WhiteElo "1626"]
[BlackElo "1935"]
[PlyCount "64"]
[EventDate "2016.09.26"]
[EventType "swiss"]
[EventRounds "9"]
[EventCountry "GER"]
[SourceTitle "EXT 2019"]
[Source "ChessBase"]
[SourceDate "2018.10.10"]
[SourceVersion "1"]
[SourceVersionDate "2018.10.10"]
[SourceQuality "1"]

1. e4 e6 2. d4 d5 3. e5 b6 4. Nf3 Ne7 5. c3 Qd7 6. Bd3 Ba6 7. 0-0 Bxd3 8. Qxd3 h5 9. Bg5 Nf5 10. Nh4 Nxh4 11. Bxh4 Be7 12. Bxe7 Qxe7 13. Nd2 0-0 14. Qe3 Nd7 15. f4 g6 16. Qg3 Rfc8 17. Nf3 c5 18. Rac1 Rc7 19. Qg5 Qxg5 20. fxg5 Rac8 21. Rce1 a6 22. Rf2 cxd4 23. cxd4 Rc2 24. g3 Nb8 25. Ree2 Rxe2 26. Rxe2 Rc1+ 27. Kf2 Nc6 28. Ke3 Rc4 29. Rd2 Kf8 30. Rd3 Nb4 31. Rb3 b5 32. a3 Nc6 1/2-1/2

[Event "Lueneburg distr-ch Seniors"]
[Site "Tostedt"]
[Date "2015.10.22"]
[Round "4.4"]
[White "Gorbatschow, Anatolij"]
[Black "Bierwald, Martin"]
[Result "1/2-1/2"]
[WhiteElo "1322"]
[BlackElo "1348"]
[PlyCount "115"]
[EventDate "2015.10.19"]
[EventType "swiss"]
[EventRounds "7"]
[EventCountry "GER"]
[SourceTitle "EXT 2019"]
[Source "ChessBase"]
[SourceDate "2018.10.10"]
[SourceVersion "1"]
[SourceVersionDate "2018.10.10"]
[SourceQuality "1"]

1. d4 Nf6 2. c4 g6 3. Nc3 Bg7 4. Nf3 d6 5. e3 0-0 6. Be2 Bg4 7. 0-0 Nbd7 8. Qb3 Rb8 9. d5 Nc5 10. Qd1 e5 11. dxe6 Bxe6 12. Nd4 Bd7 13. Bf3 Re8 14. Re1 Nfe4 15. Nxe4 Nxe4 16. Bd2 Ng5 17. Be2 a6 18. Qc1 Ne6 19. Bc3 Nxd4 20. exd4 Bf5 21. Bf3 Be6 22. d5 Bd7 23. Bxg7 Kxg7 24. Qc3+ Qf6 25. Qxf6+ Kxf6 26. b3 Kg7 27. h3 Kf8 28. g4 Rxe1+ 29. Rxe1 Re8 30. Re3 f5 31. Rxe8+ Kxe8 32. g5 a5 33. Kg2 b6 34. Kg3 Ke7 35. Kf4 Kf7 36. h4 Ke7 37. Be2 Kf7 38. Ke3 Ke7 39. f4 Kd8 40. Bf3 Kc8 41. h5 Kd8 42. h6 Ke8 43. a4 Kd8 44. Kd4 Kc8 45. Kc3 Kb7 46. b4 Ka6 47. Kb3 Kb7 48. Kc3 Ka6 49. Bh5 Be8 50. Be2 Kb7 51. Kb3 Bd7 52. c5 dxc5 53. b5 Be8 54. Bf3 Kc8 55. Kc4 Bf7 56. Kd3 Kd7 57. Kc4 Kd6 58. Bg2 1/2-1/2

[Event "Lueneburg distr-ch Seniors"]
[Site "Tostedt"]
[Date "2015.10.19"]
[Round "1.3"]
[White "Schallueck, Hans Christian"]
[Black "Bierwald, Martin"]
[Result "1-0"]
[WhiteElo "1576"]
[BlackElo "1348"]
[PlyCount "113"]
[EventDate "2015.10.19"]
[EventType "swiss"]
[EventRounds "7"]
[EventCountry "GER"]
[SourceTitle "EXT 2019"]
[Source "ChessBase"]
[SourceDate "2018.10.10"]
[SourceVersion "1"]
[SourceVersionDate "2018.10.10"]
[SourceQuality "1"]

1. e4 e6 2. d4 d5 3. exd5 exd5 4. Bd3 Bd6 5. Ne2 Ne7 6. Bf4 0-0 7. c3 c6 8. Qc2 h6 9. Nd2 Be6 10. h3 Qc7 11. Bxd6 Qxd6 12. Nf3 Nd7 13. g4 Rfe8 14. g5 hxg5 15. Nxg5 Nf8 16. 0-0-0 Neg6 17. Qd2 Qd7 18. Nxe6 Qxe6 19. Rdg1 Qf6 20. h4 Nxh4 21. Qg5 Qxg5+ 22. Rxg5 Nhg6 23. Rgh5 Rad8 24. f4 f6 25. Kd2 Kf7 26. f5 Ne7 27. Nf4 Rd6 28. Rh8 Rdd8 29. Rg1 Nd7 30. Rh7 Rg8 31. Ne6 Rc8 32. Ke3 Ke8 33. Nxg7+ Kd8 34. Ne6+ Ke8 35. Rxg8+ Nxg8 36. Bf1 Nf8 37. Nxf8 Kxf8 38. Rxb7 Ra8 39. Rh7 a5 40. Bg2 Rb8 41. b3 Re8+ 42. Kd2 Re7 43. Rxe7 Nxe7 44. Bh3 Kg7 45. Ke3 Kh6 46. Kf4 Nc8 47. Bf1 Na7 48. a4 Kg7 49. Ba6 Kf7 50. Bb7 Ke7 51. Kg4 Kf7 52. c4 dxc4 53. bxc4 Ke7 54. Kh5 Kd6 55. d5 cxd5 56. cxd5 Ke5 57. Kg6 1-0

[Event "Pinneberg op Seniors 16th"]
[Site "Pinneberg"]
[Date "2015.07.02"]
[Round "1"]
[White "Warneke, Perygrin"]
[Black "Bierwald, Martin"]
[Result "1/2-1/2"]
[WhiteElo "1285"]
[BlackElo "1388"]
[PlyCount "80"]
[EventDate "2015.07.02"]
[EventType "swiss"]
[EventRounds "7"]
[EventCountry "GER"]
[SourceTitle "EXT 2017"]
[Source "ChessBase"]
[SourceDate "2016.10.25"]
[SourceVersion "1"]
[SourceVersionDate "2016.10.25"]
[SourceQuality "1"]

1. d4 d5 2. c4 e6 3. Nf3 Nf6 4. Bg5 Nbd7 5. Nc3 c6 6. cxd5 cxd5 7. e3 Qa5 8. Bd3 Bb4 9. Qc2 Bxc3+ 10. Qxc3 Qxc3+ 11. bxc3 0-0 12. 0-0 h6 13. Bh4 a6 14. c4 dxc4 15. Bxc4 Ne4 16. Be7 Re8 17. Ba3 Nb6 18. Bd3 Nf6 19. Rac1 Bd7 20. Bc5 Na4 21. Bd6 Rac8 22. Be5 Nd5 23. Bc4 Nab6 24. Bb3 Rxc1 25. Rxc1 Rc8 26. Rxc8+ Bxc8 27. Bd6 Bd7 28. Kf1 Ba4 29. Nd2 Bxb3 30. Nxb3 Nc8 31. Bb8 b6 32. Ke1 Nde7 33. Nd2 Nc6 34. Bc7 Na5 35. Kd1 Kf8 36. Nb3 Nxb3 37. axb3 Ke8 38. Kc2 Kd7 39. Bg3 Nd6 40. Bxd6 Kxd6 1/2-1/2

[Event "Hamburg-ch Seniors 21st"]
[Site "Hamburg"]
[Date "2014.11.03"]
[Round "6"]
[White "Bierwald, Martin"]
[Black "Wilke, Wolfgang"]
[Result "0-1"]
[WhiteElo "1421"]
[BlackElo "1567"]
[PlyCount "82"]
[EventDate "2014.10.29"]
[EventType "swiss"]
[EventRounds "9"]
[EventCountry "GER"]
[SourceTitle "EXT 2018"]
[Source "ChessBase"]
[SourceDate "2017.10.13"]
[SourceVersion "1"]
[SourceVersionDate "2017.10.13"]
[SourceQuality "1"]

1. e4 c5 2. Nc3 d6 3. g3 Nc6 4. Bg2 g6 5. d3 Bg7 6. Be3 Nf6 7. f4 Ng4 8. Qd2 Qa5 9. Nge2 Nxe3 10. Qxe3 Nd4 11. Qd2 Rb8 12. Rb1 Bd7 13. a3 e6 14. Nxd4 cxd4 15. Ne2 Qc7 16. 0-0 Rc8 17. Rfc1 0-0 18. Qb4 a5 19. Qd2 Qb6 20. Kh1 Rc7 21. c4 Qb3 22. Qc2 a4 23. Qxb3 axb3 24. Bf3 Rfc8 25. Kg1 b5 26. cxb5 Bxb5 27. Rxc7 Rxc7 28. Rc1 Rc2 29. Rxc2 bxc2 30. Nc1 Bh6 31. Be2 e5 32. Na2 exf4 33. gxf4 Bxf4 34. b3 Bd7 35. a4 c1Q+ 36. Nxc1 Bxc1 37. Kg2 Bg5 38. Kg3 h5 39. Bf3 Be7 40. Kf2 Kg7 41. Kg3 Kf6 0-1

[Event "Hamburg-ch Seniors 21st"]
[Site "Hamburg"]
[Date "2014.11.02"]
[Round "5"]
[White "Bierwald, Martin"]
[Black "Wang, Huanying"]
[Result "1-0"]
[WhiteElo "1421"]
[BlackElo "874"]
[PlyCount "83"]
[EventDate "2014.10.29"]
[EventType "swiss"]
[EventRounds "9"]
[EventCountry "GER"]
[SourceTitle "EXT 2018"]
[Source "ChessBase"]
[SourceDate "2017.10.13"]
[SourceVersion "1"]
[SourceVersionDate "2017.10.13"]
[SourceQuality "1"]

1. e4 c5 2. Nc3 e6 3. g3 Nc6 4. Bg2 Nge7 5. d3 g6 6. Be3 Qa5 7. Nf3 Bg7 8. Qd2 0-0 9. 0-0 h6 10. Bxh6 f6 11. Bxg7 Kxg7 12. Ne2 Qxd2 13. Nxd2 b5 14. c3 a5 15. Nf3 d5 16. exd5 exd5 17. d4 c4 18. Nf4 Ra7 19. Rfe1 Rh8 20. Nd2 Kf7 21. Nxd5 Nd8 22. Nxe7 Rxe7 23. Rxe7+ Kxe7 24. Re1+ Be6 25. Bd5 Kd7 26. Bxe6+ Nxe6 27. h4 f5 28. Nf3 Re8 29. Ne5+ Kc7 30. Nxg6 Kb6 31. Nf4 b4 32. cxb4 axb4 33. Rxe6+ Rxe6 34. Nxe6 c3 35. bxc3 bxc3 36. Nf4 Kc6 37. h5 c2 38. Ne2 Kd5 39. Kf1 Ke4 40. Ke1 Kd3 41. h6 f4 42. gxf4 1-0

[Event "Hamburg-ch Seniors 21st"]
[Site "Hamburg"]
[Date "2014.10.29"]
[Round "1"]
[White "Stubbe, Werner"]
[Black "Bierwald, Martin"]
[Result "1-0"]
[WhiteElo "1750"]
[BlackElo "1421"]
[PlyCount "81"]
[EventDate "2014.10.29"]
[EventType "swiss"]
[EventRounds "9"]
[EventCountry "GER"]
[SourceTitle "EXT 2018"]
[Source "ChessBase"]
[SourceDate "2017.10.13"]
[SourceVersion "1"]
[SourceVersionDate "2017.10.13"]
[SourceQuality "1"]

1. e4 e6 2. d3 d5 3. Nd2 c5 4. Ngf3 Nc6 5. Be2 dxe4 6. dxe4 Nf6 7. 0-0 Be7 8. c3 0-0 9. Qc2 e5 10. Bb5 Bd7 11. Bxc6 Bxc6 12. Nxe5 Qc7 13. Nxc6 Qxc6 14. f3 Rad8 15. Nc4 b6 16. Bf4 Nd7 17. Rad1 Qe6 18. Ne3 Nf6 19. Nf5 Nh5 20. Nxe7+ Qxe7 21. Bc1 h6 22. b3 Nf6 23. c4 Rfe8 24. Bb2 Nd7 25. Rd5 f6 26. Rfd1 Nf8 27. Qd3 Rxd5 28. cxd5 Qd6 29. g3 Nd7 30. f4 Qe7 31. Re1 Qd6 32. Kg2 Kh8 33. Qf3 Kg8 34. Qh5 Qe7 35. e5 fxe5 36. fxe5 Qf8 37. Rf1 Qe7 38. e6 Nf6 39. Bxf6 gxf6 40. Qg6+ Kf8 41. Rxf6+ 1-0

[Event "Pinneberg op Seniors 14th"]
[Site "Pinneberg"]
[Date "2013.06.20"]
[Round "1"]
[White "Linke, Harry"]
[Black "Bierwald, Martin"]
[Result "1-0"]
[WhiteElo "1680"]
[BlackElo "1393"]
[PlyCount "85"]
[EventDate "2013.06.20"]
[EventType "swiss"]
[EventRounds "7"]
[EventCountry "GER"]
[SourceTitle "EXT 2017"]
[Source "ChessBase"]
[SourceDate "2016.10.25"]
[SourceVersion "1"]
[SourceVersionDate "2016.10.25"]
[SourceQuality "1"]

1. e4 e6 2. d4 d5 3. Nd2 Nc6 4. Ngf3 Nf6 5. e5 Nd7 6. Bb5 f6 7. Bxc6 bxc6 8. 0-0 c5 9. c3 cxd4 10. cxd4 fxe5 11. dxe5 c5 12. Qa4 Bb7 13. Nb3 Be7 14. Qg4 0-0 15. Qxe6+ Rf7 16. Qg4 Nf8 17. Bg5 Bxg5 18. Nxg5 Re7 19. f4 h6 20. Nf3 Bc8 21. Qh5 Ba6 22. Rf2 Rc8 23. f5 Rcc7 24. f6 Re6 25. Nh4 Bd3 26. Nf5 Bxf5 27. Qxf5 Qd7 28. Rc1 c4 29. Nd4 Re8 30. Qxd7 Rxd7 31. fxg7 Kxg7 32. Rcf1 Ng6 33. e6 Rc7 34. Rf7+ Rxf7 35. Rxf7+ Kh8 36. Rxa7 Re7 37. Rd7 Kg8 38. Rxd5 Nf4 39. Rd8+ Kh7 40. Rd6 Kg8 41. g3 Ng6 42. Nf5 Re8 43. Nxh6+ 1-0

[Event "Hamburg Seniors op 19th"]
[Site "Hamburg"]
[Date "2012.11.01"]
[Round "9"]
[White "Bierwald, Martin"]
[Black "Ludwig, Siegfried"]
[Result "1-0"]
[WhiteElo "1360"]
[BlackElo "1358"]
[PlyCount "35"]
[EventDate "2012.10.24"]
[EventType "swiss"]
[EventRounds "9"]
[EventCountry "GER"]
[SourceTitle "EXT 2015"]
[Source "ChessBase"]
[SourceDate "2014.11.20"]
[SourceVersion "1"]
[SourceVersionDate "2014.11.20"]
[SourceQuality "1"]

1. e4 e5 2. Nf3 Nc6 3. Bb5 d6 4. d4 Bd7 5. Nc3 Nf6 6. 0-0 Be7 7. Re1 0-0 8. dxe5 dxe5 9. Bxc6 bxc6 10. Nxe5 Bd6 11. Nxd7 Qxd7 12. e5 Bc5 13. exf6 Qf5 14. Be3 Rad8 15. Qf3 Qxf3 16. gxf3 Bd6 17. Bg5 h6 18. fxg7 1-0

[Event "Hamburg Seniors op 19th"]
[Site "Hamburg"]
[Date "2012.10.25"]
[Round "2"]
[White "Hofmeier, Arthur"]
[Black "Bierwald, Martin"]
[Result "1/2-1/2"]
[WhiteElo "1324"]
[BlackElo "1360"]
[PlyCount "52"]
[EventDate "2012.10.24"]
[EventType "swiss"]
[EventRounds "9"]
[EventCountry "GER"]
[SourceTitle "EXT 2015"]
[Source "ChessBase"]
[SourceDate "2014.11.20"]
[SourceVersion "1"]
[SourceVersionDate "2014.11.20"]
[SourceQuality "1"]

1. e4 e6 2. Nc3 d5 3. d4 Bb4 4. Bd2 c5 5. e5 cxd4 6. Nce2 Bxd2+ 7. Qxd2 Nc6 8. f4 Qb6 9. c3 dxc3 10. Nxc3 Nge7 11. Nb5 0-0 12. Nd6 Qb4 13. Nf3 Qxd2+ 14. Nxd2 Nd4 15. Rc1 Nef5 16. Nxf5 Nxf5 17. Bd3 Nd4 18. 0-0 Bd7 19. Nf3 Nxf3+ 20. Rxf3 Rac8 21. Rff1 Rxc1 22. Rxc1 Rc8 23. Rd1 h6 24. Kf2 Kf8 25. g4 Ba4 26. b3 Bd7 1/2-1/2

[Event "Pinneberg op Seniors 13th"]
[Site "Pinneberg"]
[Date "2012.07.26"]
[Round "6"]
[White "Ihlenfeldt, Gerhard"]
[Black "Bierwald, Martin"]
[Result "1/2-1/2"]
[WhiteElo "1523"]
[BlackElo "1265"]
[PlyCount "25"]
[EventDate "2012.06.21"]
[EventType "swiss"]
[EventRounds "7"]
[EventCountry "GER"]
[SourceTitle "EXT 2013"]
[Source "ChessBase"]
[SourceDate "2012.11.22"]
[SourceVersion "1"]
[SourceVersionDate "2012.11.22"]
[SourceQuality "1"]

1. e4 e6 2. d4 d5 3. exd5 exd5 4. Bd3 Bd6 5. Qe2+ Qe7 6. Qxe7+ Nxe7 7. Nf3 0-0 8. 0-0 Bf5 9. Bxf5 Nxf5 10. c3 c6 11. Bg5 Re8 12. Nbd2 Nd7 13. Rfe1 1/2-1/2

[Event "Pinneberg op Seniors 12th"]
[Site "Pinneberg"]
[Date "2011.06.30"]
[Round "3"]
[White "Stoffregen, Heinrich"]
[Black "Bierwald, Martin"]
[Result "1/2-1/2"]
[WhiteElo "1101"]
[BlackElo "1322"]
[PlyCount "47"]
[EventDate "2011.06.16"]
[EventType "swiss"]
[EventRounds "7"]
[EventCountry "GER"]
[SourceTitle "EXT 2012"]
[Source "ChessBase"]
[SourceDate "2011.11.24"]
[SourceVersion "1"]
[SourceVersionDate "2011.11.24"]
[SourceQuality "1"]

1. d4 d5 2. Nd2 Nf6 3. e3 e6 4. Bd3 c5 5. b3 Nc6 6. a3 cxd4 7. exd4 Nxd4 8. Ngf3 Nxf3+ 9. Nxf3 Bd7 10. Bb2 g6 11. Ne5 Bg7 12. Qf3 0-0 13. c4 Bc6 14. Nxc6 bxc6 15. 0-0 Nd7 16. Bxg7 Kxg7 17. Rfe1 Qf6 18. b4 Qxf3 19. gxf3 a6 20. cxd5 cxd5 21. Rac1 Nb6 22. Rc6 Rfb8 23. Re3 a5 24. b5 1/2-1/2